R v Canterbury CC ex parte Halford (Record no. 37657)
[ view plain ]
| 000 -LEADER | |
|---|---|
| fixed length control field | 01715cab a2200265 4500 |
| 001 - CONTROL NUMBER | |
| control field | ABS47130 |
| 008 - FIXED-LENGTH DATA ELEMENTS--GENERAL INFORMATION | |
| fixed length control field | 090401t1992 xxu||||| |||| 00| 0 eng d |
| 035 ## - SYSTEM CONTROL NUMBER | |
| System control number | (Sirsi) u60904 |
| 041 ## - LANGUAGE CODE | |
| Language code of text/sound track or separate title | eng |
| 245 ## - TITLE STATEMENT | |
| Title | R v Canterbury CC ex parte Halford |
| 260 ## - PUBLICATION, DISTRIBUTION, ETC. | |
| Date of publication, distribution, etc. | 1992 |
| 350 ## - PRICE (NR) (BK AM CF MU VM SE) [OBSOLETE] | |
| Price | 0 |
| 490 ## - SERIES STATEMENT | |
| Series statement | Journal of Planning and Environment Law |
| Volume/sequential designation | 1992 JPL 851-855(5) |
| 520 ## - SUMMARY, ETC. | |
| Summary, etc. | QBD 18 February 1992. An application for judicial review of the designation of a conservation area in Barham near Canterbury. The applicant (H) owned land presently used for agricultural purposes. In 1991 he applied for consent to build a residential development with a school on this land. Planning permission was refused, An appeal to a public inquiry opened on 10 December 1991. On the evening of 10 December 1991 Canterbury CC resolved to extend the Barham Conservation Area to include this land. the applicant argued that C had acted unlawfully as this land did not have any buildings of historical or outstanding interest. C maintained that buildings were part of the setting and character of the place which could properly be included in a conservation area. QBD discussed interpretation of Planning (Listed Buildings and Conservation Areas) Act 1990 s69 in relation to the evidence in this case. Held, C had failed to give proper consideration to the material facts including existence and |
| 650 ## - SUBJECT ADDED ENTRY--TOPICAL TERM | |
| Topical term or geographic name entry element | APPEARANCE |
| 650 ## - SUBJECT ADDED ENTRY--TOPICAL TERM | |
| Topical term or geographic name entry element | CHARACTER |
| 650 ## - SUBJECT ADDED ENTRY--TOPICAL TERM | |
| Topical term or geographic name entry element | CONSERVATION AREAS |
| 650 ## - SUBJECT ADDED ENTRY--TOPICAL TERM | |
| Topical term or geographic name entry element | DESIGNATION |
| 650 ## - SUBJECT ADDED ENTRY--TOPICAL TERM | |
| Topical term or geographic name entry element | PLANNING LISTED BUILDINGS AND CONSERVATION AREAS 1990 |
| 650 ## - SUBJECT ADDED ENTRY--TOPICAL TERM | |
| Topical term or geographic name entry element | SETTING |
| 650 ## - SUBJECT ADDED ENTRY--TOPICAL TERM | |
| Topical term or geographic name entry element | TREE PRESERVATION ORDERS (TPOs) |
| 690 ## - LOCAL SUBJECT ADDED ENTRY--TOPICAL TERM (OCLC, RLIN) | |
| Topical term or geographic name as entry element | PLANNING LAW AND PRACTICE-CASE LAW |
| 942 ## - ADDED ENTRY ELEMENTS (KOHA) | |
| Suppress in OPAC | 0 |
| 948 ## - LOCAL PROCESSING INFORMATION (OCLC); SERIES PART DESIGNATOR (RLIN) | |
| c (OCLC) | 04/03/1997 |
| Withdrawn status | Lost status | Source of classification or shelving scheme | Damaged status | Not for loan | Home library | Current library | Shelving location | Date acquired | Total Checkouts | Full call number | Barcode | Date last seen | Copy number | Price effective from | Koha item type |
|---|---|---|---|---|---|---|---|---|---|---|---|---|---|---|---|
| Dewey Decimal Classification | London | London | Journal article | 14/09/1999 | ABS47130 | 60904-1001 | 06/08/2019 | 1 | 06/08/2019 | Law report |